| 000 | 00472pab a2200169 454500 | ||
|---|---|---|---|
| 008 | 180718b2017 xxu||||| |||| 00| 0 eng d | ||
| 100 | _aAnoopkumar M. | ||
| 245 | _aThe performance of India's plantation agriculture and the decisive role of price factor | ||
| 260 | _c2017 | ||
| 300 | _ap.265-290. | ||
| 362 | _aJul-Sep | ||
| 650 | _aAgriculture - India | ||
| 650 | _aCrops - India | ||
| 650 | _aCrops | ||
| 773 | _aSocial Science in Perspective | ||
| 909 | _a116276 | ||
| 999 |
_c116270 _d116270 |
||